000
00217nam a2200085Ia 4500
008
120527s9999 xx 000 0 und d
100
_a
Mansfield E.
245
_a
Study guide for principles of microeconomics
942
_c
BK
999
_c
26887
_d
26887